<?xml version="1.0" encoding="UTF-8"?>
<collection xmlns="http://www.loc.gov/MARC21/slim">
 <record>
  <leader>01810nam a2200253 a 4500</leader>
  <controlfield tag="001">TVCDKTCT14082</controlfield>
  <controlfield tag="003">Thư viện trường Cao đẳng Kỹ thuật Cao Thắng</controlfield>
  <controlfield tag="005">20170601153154.0</controlfield>
  <controlfield tag="008">130116</controlfield>
  <datafield tag="980" ind1="\" ind2="\">
   <subfield code="a">Thư viện Trường CĐ Kỹ Thuật Cao Thắng</subfield>
  </datafield>
  <datafield tag="024" ind1=" " ind2=" ">
   <subfield code="a">RG_1 #1 eb1 i1</subfield>
  </datafield>
  <datafield tag="041" ind1="0" ind2="#">
   <subfield code="a">vie</subfield>
  </datafield>
  <datafield tag="082" ind1="#" ind2="#">
   <subfield code="a">621.302 87 / </subfield>
   <subfield code="b">GI108T-h</subfield>
  </datafield>
  <datafield tag="100" ind1="1" ind2="#">
   <subfield code="a">Hoàng Minh Công</subfield>
  </datafield>
  <datafield tag="245" ind1="0" ind2="0">
   <subfield code="a">Giáo trình cảm biến công nghiệp / </subfield>
   <subfield code="c">Hoàng Minh Công</subfield>
  </datafield>
  <datafield tag="250" ind1="#" ind2="#">
   <subfield code="a">Tái bản lần thứ 2</subfield>
  </datafield>
  <datafield tag="260" ind1="#" ind2="#">
   <subfield code="a">H. : </subfield>
   <subfield code="b">Xây dựng , </subfield>
   <subfield code="c">2011</subfield>
  </datafield>
  <datafield tag="300" ind1="#" ind2="#">
   <subfield code="a">191tr. ; </subfield>
   <subfield code="c">27 cm</subfield>
  </datafield>
  <datafield tag="520" ind1="#" ind2="#">
   <subfield code="a">Cảm biến được định nghĩa như một thiết bị dùng để cảm nhận và biến đổi các đại lượng vật lý mang tính chất điện hoặc không màn tính chất điện thành các đại lượng điện có thể đo được. Nó là thành phần quan trọng trong một thiết bị đo hay trong một hệ điều khiển tự động.</subfield>
  </datafield>
  <datafield tag="520" ind1="#" ind2="#">
   <subfield code="a">Cuốn giáo trình được viết cho chuyên ngành cơ điện tử gồm 12 chương, giới thiệu những kiến thức cơ bản về cảm biến, cấu tạo, nguyên lý hoạt động, các đặc trưng cơ bản và sơ đồ mạch đo của những cảm biến được sử dụng phổ biến trong công nghiệp cũng như trong thí nghiệm, nghiên cứu và được sắp xếp theo công dụng của các bộ cảm  biến.</subfield>
  </datafield>
  <datafield tag="650" ind1="#" ind2="4">
   <subfield code="a">Cảm biến công nghiệp</subfield>
  </datafield>
  <datafield tag="650" ind1="#" ind2="4">
   <subfield code="a">Cảm biến điện</subfield>
  </datafield>
  <datafield tag="721" ind1="#" ind2="#">
   <subfield code="a">CNKT Điện</subfield>
  </datafield>
  <datafield tag="841" ind1="#" ind2="#">
   <subfield code="b">Kho Sách </subfield>
   <subfield code="j">100041013, 100041039, 100041044</subfield>
  </datafield>
 </record>
</collection>
